Bioquímica ilustrada (Registro nro. 13105)
[ vista simple ]
| 000 -CABECERA | |
|---|---|
| Longitud fija campo de control | 01058nam a22002897a 4500 |
| 003 - IDENTIFICADOR DELl NÚMERO DE CONTROL | |
| Identificador del número de control | OSt |
| 005 - FECHA Y HORA DE LA ÚLTIMA TRANSACCIÓN | |
| Fecha y hora de la última transacción | 20140821213003.0 |
| 008 - CÓDIGOS DE INFORMACIÓN DE LONGITUD FIJA | |
| Códigos de información de longitud fija | 131029b2007 mex spa |
| 020 ## - NÚMERO INTERNACIONAL NORMALIZADO PARA LIBROS | |
| Número Internacional Normalizado para Libros (ISBN) | 970-729-258-X |
| 040 ## - FUENTE DE LA CATALOGACIÓN | |
| Centro catalogador de origen | BMC |
| Centro transcriptor | BMC |
| 082 ## - NÚMERO DE LA CLASIFICACIÓN DECIMAL DEWEY | |
| Númeroo de clasificación | 612.015 |
| 082 ## - NÚMERO DE LA CLASIFICACIÓN DECIMAL DEWEY | |
| Númeroo de clasificación | 611.018 |
| 100 1# - PUNTO DE ACCESO PRINCIPAL-NOMBRE DE PERSONA | |
| 9 (RLIN) | 8160 |
| Nombre de persona | Harper, Harold Anthony |
| Fechas asociadas al nombre | 1911-1988 |
| 245 10 - MENCIÓN DE TÍTULO | |
| Título | Bioquímica ilustrada |
| Mención de responsabilidad, etc. | Harper ; [editores], Robert K. Murray, Darly K. Granner, Victor W. Rodwell ; traducción... por Víctor Manuel Pastrana Retana ; editor responsable, Martín Martínez Moreno |
| 250 ## - MENCIÓN DE EDICIÓN | |
| Mención de edición | 17ª ed |
| 260 ## - PUBLICACIÓN, DISTRIBUCIÓN, ETC. (PIE DE IMPRENTA) | |
| Lugar de publicación, distribución, etc. | México D.F. ; Santa Fé de Bogotá |
| Nombre del editor, distribuidor, etc. | El Manual Moderno |
| Fecha de publicación, distribución, etc. | 2007 |
| 300 ## - DESCRIPCIÓN FÍSICA | |
| Extensión | XIV, 692 p. |
| Otras características físicas | il. |
| Dimensiones | 27 cm |
| 595 ## - NOTA DE EDICIÓN E HISTORIA BIBLIOGRÁFICA | |
| Nota de edición e historia bibliográfica | Traducción de : Harper's biochemistry, 27th ed |
| 650 24 - PUNTO DE ACCESO ADICIONAL DE MATERIA - TÉRMINO DE MATERIA | |
| 9 (RLIN) | 8014 |
| Término de materia o nombre geográfico como elemento inicial | Bioquímica |
| 650 24 - PUNTO DE ACCESO ADICIONAL DE MATERIA - TÉRMINO DE MATERIA | |
| 9 (RLIN) | 4163 |
| Término de materia o nombre geográfico como elemento inicial | Biología molecular |
| 700 1# - PUNTO DE ACCESO ADICIONAL - NOMBRE DE PERSONA | |
| 9 (RLIN) | 8064 |
| Nombre de persona | Murray, Robert K. |
| 700 1# - PUNTO DE ACCESO ADICIONAL - NOMBRE DE PERSONA | |
| 9 (RLIN) | 8269 |
| Nombre de persona | Granner, Daryl K. |
| 700 1# - PUNTO DE ACCESO ADICIONAL - NOMBRE DE PERSONA | |
| 9 (RLIN) | 24093 |
| Nombre de persona | Rodwell, Victor W. |
| 700 1# - PUNTO DE ACCESO ADICIONAL - NOMBRE DE PERSONA | |
| 9 (RLIN) | 24094 |
| Nombre de persona | Pastrana Retana, Víctor Manuel |
| 700 1# - PUNTO DE ACCESO ADICIONAL - NOMBRE DE PERSONA | |
| 9 (RLIN) | 8082 |
| Nombre de persona | Martínez Moreno, Martín |
| 942 ## - ENTRADA DE ELEMENTOS AGREGADOS (KOHA) | |
| Fuente de clasificaión o esquema | Dewey Decimal Classification |
| Koha [por defecto] tipo de item | 1- Monografias |
| Suprimido | Perdido | Fuente de clasificación o esquema | Estropeado | Restricciones de uso | No para préstamo | Código de colección | Localización permanente | Localización actual | Localización en estanter&íacute;as | Fecha adquisición | Fuente de adquisición | Número de inventario | Préstamos totales | Renovaciones totales | Signatura completa | Código de barras | Fecha última consulta | Fecha último préstamo | Coste, precio reemplazado | Fecha del precio de reemplazo | Tipo de item de Koha |
|---|---|---|---|---|---|---|---|---|---|---|---|---|---|---|---|---|---|---|---|---|---|
| NULL | NULL | Dewey Decimal Classification | NULL | Prestable | NULL | NULL | Biblioteca Centro Regional de Ilobasco | Biblioteca Centro Regional de Ilobasco | Sala Principal | 11/07/2011 | UNICAES | LI002023 | 3 | 612.015 HAR bio | 1038601 | 19/07/2024 | 08/07/2024 | 05/10/2016 | 1- Monografias | ||
| NULL | NULL | Dewey Decimal Classification | NULL | Prestable | NULL | NULL | Biblioteca Centro Regional de Ilobasco | Biblioteca Centro Regional de Ilobasco | Sala Principal | 11/07/2011 | UNICAES | LI002024 | 6 | 612.015 HAR bio | 1038602 | 17/07/2023 | 15/07/2023 | 05/10/2016 | 1- Monografias | ||
| NULL | NULL | Dewey Decimal Classification | NULL | Prestable | NULL | NULL | Biblioteca Centro Regional de Ilobasco | Biblioteca Centro Regional de Ilobasco | Sala Principal | 11/07/2011 | UNICAES | LI002025 | 2 | 612.015 HAR bio | 1038603 | 22/08/2024 | 22/08/2024 | 05/10/2016 | 1- Monografias | ||
| NULL | NULL | Dewey Decimal Classification | NULL | Préstamo en Sala | NULL | NULL | Biblioteca Miguel de Cervantes - UNICAES | Biblioteca Miguel de Cervantes - UNICAES | Sala Principal | 20/08/2014 | Donación - Facultad de Ciencias y Humanidades | 020698 | 12 | 1 | 612.015 HAR bio | 1021055 | 26/02/2024 | 23/02/2024 | 30.00 | 20/08/2014 | 1- Monografias |